Automatic Detection of Isolated Airstrips in Satellite Images (Record no. 540846)

000 -LEADER
fixed length control field 00462nam a22001577a 4500
003 - CONTROL NUMBER IDENTIFIER
control field NUST
038 ## - RECORD CONTENT LICENSOR
Staff Name Saba
082 ## - DEWEY DECIMAL CLASSIFICATION NUMBER
Classification number 004
Author Mark MCS
100 ## - MAIN ENTRY--PERSONAL NAME
Personal name Kausar, Anbreen
9 (RLIN) 35091
245 ## - TITLE STATEMENT
Title Automatic Detection of Isolated Airstrips in Satellite Images
Statement of responsibility, etc. Anbreen Kausar
260 ## - PUBLICATION, DISTRIBUTION, ETC.
Place of publication, distribution, etc. Islamabad :
Name of publisher, distributor, etc. MCS-NUST,
Date of publication, distribution, etc. 2014.
300 ## - PHYSICAL DESCRIPTION
Extent 81p.
Dimensions 30cm
650 ## - SUBJECT ADDED ENTRY--TOPICAL TERM
Topical term or geographic name entry element Software Engineering - Automatic Detection
9 (RLIN) 35092
700 ## - ADDED ENTRY--PERSONAL NAME
Personal name Dr. Naveed Iqbal Rao
9 (RLIN) 35093
942 ## - ADDED ENTRY ELEMENTS (KOHA)
Source of classification or shelving scheme
Koha item type Thesis
Holdings
Withdrawn status Lost status Source of classification or shelving scheme Damaged status Not for loan Permanent Location Current Location Date acquired Total Checkouts Full call number Barcode Date last seen Price effective from Koha item type Shelving location
          Central Library (CL) Central Library (CL) 11/10/2020   004 MCS CL-T-975 11/10/2020 11/10/2020 Thesis  
          Central Library (CL) Central Library (CL) 11/12/2020   004 CL-T-1049 11/12/2020 11/12/2020 Thesis Thesis
© 2023 Central Library, National University of Sciences and Technology. All Rights Reserved.